[Event "23rd ETCC Open 2021"]
[Site "Catez"]
[Date "2021.11.15"]
[Round "4.13"]
[White "Sargissian, Gabriel"]
[Black "Donchenko, Alexander"]
[Result "1-0"]
[WhiteElo "2664"]
[BlackElo "2645"]
[Annotator "TA"]
[PlyCount "71"]
[EventDate "2021.11.08"]
[EventType "team-tourn"]
[EventCountry "SLO"]
[SourceTitle "playchess.com"]
[Source "ChessBase"]
[SourceQuality "1"]
[WhiteTeam "Armenia"]
[BlackTeam "Germany"]
[WhiteTeamCountry "ARM"]
[BlackTeamCountry "GER"]

{[%evp 12,71,18,10,8,22,16,13,15,7,16,14,7,13,12,16,16,13,14,7,19,-49,-58,-37,
78,79,86,81,80,85,75,80,102,57,62,57,45,54,496,512,529,527,525,456,478,471,466,
464,470,473,462,472,478,464,485,487,486,453,449,457,480,467]} 1. d4 Nf6 2. c4
e6 3. Nf3 d5 4. Nc3 Bb4 5. cxd5 exd5 6. Bg5 h6 7. Bh4 $1 {7.Bh4 scores better
than 7.Bxf6.} O-O {D38: Queen's Gambit Declined: Ragozin Defence (4 Nf3 Bb4).}
8. e3 Bf5 9. Qb3 Bxc3+ {The position is equal.} 10. bxc3 Nbd7 11. Be2 c5 12.
dxc5 Nxc5 13. Qb4 Rc8 14. O-O g5 15. Bg3 Nfe4 {[#]} 16. Rad1 $5 $146 {[%mdl 8]
New and interesting.} (16. Be5 $11) ({Predecessor:} 16. Rfd1 a5 17. Qa3 Re8 18.
Rac1 h5 19. c4 Qf6 20. Rxd5 Be6 21. Rdd1 Bf5 22. Rd5 Be6 23. Rdd1 Bf5 24. Rd5 {
1/2-1/2 (24) Grischuk,A (2777)-Firouzja,A (2728) Chess.com INT 2020}) 16... a5
$1 $15 {[%cal Ra5b4]} (16... Nxg3 17. hxg3 a5 18. Qa3 $14) 17. Qa3 {[#]} Qf6 (
17... Nxg3 18. hxg3 Ne4 19. Nd4 $14) (17... Na4 $1 $15 {stays ahead.}) 18. Be5
$16 Qe6 {Hoping for ...g4.} 19. Bd4 (19. Qxa5 $2 g4 $19) 19... b6 20. c4 dxc4 {
[#]} 21. Ba1 $1 {Strongly threatening Nd4.} Bg6 22. Nd4 {[%mdl 1024] White has
strong compensation.} Qd7 23. f3 {aiming for Nf5!} Nd6 24. e4 Rfd8 $2 {[%mdl
8192] Loses the game.} ({Better is} 24... f6 $14) 25. Nf5 $18 {White is
clearly winning.} Nb5 26. Qb2 {[%csl Ga1][%cal Rb2h8]} ({Less strong is} 26.
Rxd7 Nxa3 27. Ne7+ (27. Nxh6+ Kh7 $11) 27... Kf8 $16) 26... c3 27. Qxb5 (27.
Rxd7 cxb2 28. Ne7+ Kf8 $11) 27... Qxb5 28. Ne7+ (28. Bxb5 Bxf5 29. exf5 c2 $18)
28... Kf8 29. Nxg6+ ({Not} 29. Bxb5 Kxe7 30. Rxd8 (30. Bxc3 Rxd1 31. Rxd1 Nxe4
$11) 30... Rxd8 $11) 29... fxg6 30. Bxb5 c2 31. Rxd8+ Rxd8 32. Bb2 Nd3 33. Bxd3
Rxd3 34. Kf2 Rd2+ 35. Ke3 Rxg2 36. Rf2 {Weighted Error Value: White=0.06/
Black=0.38} 1-0

[Event "23rd ETCC Open 2021"]
[Site "Catez"]
[Date "2021.11.15"]
[Round "4.14"]
[White "Keymer, Vincent"]
[Black "Martirosyan, Haik M."]
[Result "1-0"]
[WhiteElo "2639"]
[BlackElo "2624"]
[Annotator "TA"]
[PlyCount "93"]
[EventDate "2021.11.08"]
[EventType "team-tourn"]
[EventCountry "SLO"]
[SourceTitle "playchess.com"]
[Source "ChessBase"]
[SourceQuality "1"]
[WhiteTeam "Germany"]
[BlackTeam "Armenia"]
[WhiteTeamCountry "GER"]
[BlackTeamCountry "ARM"]

{[%evp 22,93,28,25,25,26,30,-10,27,22,37,37,44,15,37,22,22,15,28,19,36,40,34,
26,27,0,0,0,0,0,17,17,16,19,72,76,94,83,90,60,66,59,61,59,59,26,64,58,101,92,
183,179,191,184,191,183,277,273,380,402,390,376,366,330,710,705,704,648,1880,
1587,29965,29966,5727,5691]} 1. d4 Nf6 2. c4 e6 3. Nf3 d5 4. Nc3 Nbd7 5. cxd5
exd5 6. Qc2 c6 7. Bg5 Be7 8. e3 h6 9. Bh4 O-O 10. Bd3 Re8 11. O-O Ne4 12. Bxe4
({Wrong is} 12. Nxe4 $2 dxe4 13. Bxe4 (13. Bxe7 $2 Qxe7 14. Bxe4 Qxe4 $19)
13... Bxh4 $19) 12... Bxh4 {D36: Queen's Gambit Declined: Exchange Variation:
Main line (5 Bg5 c6 6 Qc2).} 13. Bh7+ Kf8 14. Bf5 Kg8 {The position is equal.}
15. b4 Nb6 16. Bh7+ Kh8 {With the idea ...g6.} 17. Bd3 Bf6 {[#]} 18. b5 $146 ({
Predecessor:} 18. a4 Be6 19. Ne2 Qd6 20. Rfc1 a6 21. Qc5 Qc7 22. Qc3 Bg4 23.
Nd2 Nc8 24. h3 Bxe2 25. Bxe2 Qe7 26. Bd3 {1/2-1/2 (67) Fleetwood,D (2578)
-Wilczek,T (2597) ICCF email 2012}) 18... cxb5 19. Nxb5 Bg4 20. Rfc1 a6 21. Nc3
Rc8 22. Qb3 Re7 23. Rab1 Rc6 24. Nd2 Rec7 {Hoping for ...Qc8.} 25. h3 Be6 {
Threatens to win with ...Qc8.} 26. Ne2 Nc4 27. Qd1 Bc8 (27... Nxd2 $11 {
keeps the balance.} 28. Rxc6 Nf3+ 29. gxf3 bxc6) 28. Nxc4 $16 dxc4 29. Be4 Rd6
30. Nc3 Be7 31. Qh5 Bf8 32. a4 b6 33. Bd5 f5 34. Qf3 g5 35. Rb4 {[%cal Bb1b4,
Bb4c4,Bc4c7][%mdl 32]} g4 (35... Rg7 $16 {is a better defense.}) 36. hxg4 $18 {
[%mdl 64] Overworked Piece} fxg4 {[#]} 37. Qe4 Rf6 38. Rxc4 $40 {[%mdl 128]
White attacks with force.} Bf5 {[#]} (38... Rxc4 $142 39. Bxc4 Bf5) 39. Rxc7 $1
Bxe4 40. Nxe4 Rg6 41. Bf7 Rg7 {[#]} 42. Rc8 Qe7 (42... Qxc8 43. Rxc8 Rxf7) 43.
Bd5 Qb4 {[#]} 44. Nc5 $1 {[%mdl 576] Pin} Kh7 (44... Re7 45. Rxf8+) 45. Rxf8
Re7 46. Ne6 {[%mdl 64] Overworked Piece} Rxe6 47. Rf7+ {Weighted Error Value:
White=0.07/Black=0.45} ({Not} 47. Bxe6 Qxf8 48. Rc7+ (48. Bxg4 Qa3 $16) 48...
Kg6 $16) 1-0

[Event "23rd ETCC Open 2021"]
[Site "Catez"]
[Date "2021.11.15"]
[Round "4.15"]
[White "Hovhannisyan, Robert"]
[Black "Bluebaum, Matthias"]
[Result "1/2-1/2"]
[WhiteElo "2622"]
[BlackElo "2647"]
[Annotator "ChessBase"]
[PlyCount "79"]
[EventDate "2021.11.08"]
[EventType "team-tourn"]
[EventCountry "SLO"]
[SourceTitle "playchess.com"]
[Source "ChessBase"]
[SourceQuality "1"]
[WhiteTeam "Armenia"]
[BlackTeam "Germany"]
[WhiteTeamCountry "ARM"]
[BlackTeamCountry "GER"]
[TimeControl "40/5400+30:1800+30"]

1. e4 c6 2. d4 d5 3. e5 Bf5 4. Nf3 e6 5. Be2 c5 6. Be3 Qb6 7. Nc3 Nc6 8. O-O
Qxb2 9. Qe1 cxd4 10. Bxd4 Nxd4 11. Nxd4 Bb4 12. Rb1 Bxc3 13. Rxb2 Bxe1 14. Rxe1
b6 15. h4 h5 16. Nxf5 exf5 17. c4 Ne7 18. Rd1 O-O-O 19. c5 bxc5 20. Rb5 c4 21.
Rc5+ Kd7 22. Rxc4 Rb8 23. Ra4 Rb7 24. Ra6 Rh6 25. Rxh6 gxh6 26. f4 Ke6 27. Rd2
f6 28. exf6 Kxf6 29. Bxh5 Rb4 30. g3 Ke6 31. Kf2 Ng8 32. a3 Ra4 33. Re2+ Re4
34. Rxe4+ dxe4 35. Ke3 Nf6 36. Bg6 Ng4+ 37. Kd4 Nh2 38. Ke3 Ng4+ 39. Ke2 Nf6
40. Ke3 1/2-1/2

[Event "23rd ETCC Open 2021"]
[Site "Catez"]
[Date "2021.11.15"]
[Round "4.16"]
[White "Svane, Rasmus"]
[Black "Ter-Sahakyan, Samvel"]
[Result "1/2-1/2"]
[WhiteElo "2628"]
[BlackElo "2615"]
[Annotator "TA"]
[PlyCount "133"]
[EventDate "2021.11.08"]
[EventType "team-tourn"]
[EventCountry "SLO"]
[SourceTitle "playchess.com"]
[Source "ChessBase"]
[SourceQuality "1"]
[WhiteTeam "Germany"]
[BlackTeam "Armenia"]
[WhiteTeamCountry "GER"]
[BlackTeamCountry "ARM"]

{[%evp 23,133,0,0,0,18,12,23,25,52,38,60,0,0,0,12,7,0,6,34,34,35,39,34,29,48,
44,36,39,93,83,85,89,98,98,164,23,22,23,28,16,18,16,22,14,24,22,24,16,16,16,25,
18,38,37,41,37,43,0,47,38,39,31,27,24,37,0,52,0,37,39,40,41,43,47,117,43,32,23,
21,9,33,0,0,0,13,0,0,0,0,0,0,0,0,0,0,0,0,0,0,0,0,0,0,0,0,0,0,0,0,0,0,0]} 1. d4
Nf6 2. c4 e6 3. Nf3 d5 4. g3 Bb4+ 5. Bd2 Be7 6. Bg2 O-O 7. O-O Nbd7 8. Qc2 c6
9. Bf4 b6 10. cxd5 cxd5 11. Rc1 Bb7 12. Bc7 Qe8 13. Qb3 {E08: Closed Catalan:
Main Line: 7 Qc2.} Nb8 14. a4 Na6 15. Bf4 {[#] White has an edge.} Rc8 $146 ({
Predecessor:} 15... Ne4 16. Nc3 Nxc3 17. bxc3 Rc8 18. a5 b5 19. Rcb1 Nc7 20. a6
Bc6 21. Ne5 Bd6 22. Nxc6 Qxc6 {1/2-1/2 (44) Shafigullina,Z (2302)-Pogonina,N 
(2475) Sochi 2020}) 16. Nc3 Nh5 17. a5 (17. Bg5 $14) 17... Nxf4 $11 18. gxf4
Rc4 19. e3 Rb4 20. Qc2 Qd8 21. axb6 Rxb6 22. Ne5 Nb4 23. Qd1 f6 24. Nd3 Nxd3
25. Qxd3 f5 (25... Rxb2 $14 26. f5 e5) 26. Na4 $1 $16 ({Don't play} 26. Rxa7 $6
Rxb2 27. Na4 Qb8 $11) 26... Rb4 27. Nc5 Bc8 28. Rxa7 Rxb2 {[#]} (28... Bd6 $16)
29. Qc3 ({Only move:} 29. Nb3 $1 $18 Qb6 30. Rxe7) 29... Rb8 $11 30. Nd3 Bd6
31. Ne5 Bxe5 32. dxe5 {Threatening Qc7.} Rf7 33. Qa3 Bd7 34. Qd6 Rb6 {[#]} 35.
Ra8 $1 Qxa8 36. Qxb6 Qe8 37. Qa6 Re7 38. Rc7 h6 39. h3 Rf7 40. Bf1 Re7 41. Qd6
{aiming for Bb5!} Kh7 42. Be2 Rf7 $1 43. Rb7 Qc8 44. Rc7 Qe8 45. Qa6 ({White
should play} 45. Qc5 $14) 45... g6 (45... Qg8 $5 {[%cal Rd7b5]}) 46. Qa7 {
Bb5! is the strong threat.} Kg7 47. Qc5 Qa8 48. Qd6 Be8 {[#]} (48... Qe8 $14)
49. Rc1 ({Better is} 49. Ba6 $1 $16 d4 50. Bc4 (50. exd4 Qf3 $14)) 49... Bd7
$14 50. Bf1 Qf8 51. Qb6 Qe8 52. Qa6 Qb8 {The position is equal.} 53. Qa5 Be8
54. Qa6 Bd7 55. Rc5 g5 56. Bb5 {Hoping for Bxd7.} gxf4 57. Bxd7 Qb1+ 58. Qf1 $1
{[%cal Rf1b1]} Qxf1+ 59. Kxf1 Rxd7 60. exf4 $11 {[%mdl 4096] Endgame KR-KR} Ra7
61. Rc6 Kf7 62. Rb6 Ra4 63. Rb7+ Kf8 64. Rb6 Ke7 65. Rb7+ Ke8 66. Rb6 Ke7 67.
Rb7+ {Weighted Error Value: White=0.12/Black=0.10} 1/2-1/2

[Event "23rd ETCC Open 2021"]
[Site "Catez"]
[Date "2021.11.15"]
[Round "4.17"]
[White "Firouzja, Alireza"]
[Black "Yilmaz, Mustafa"]
[Result "1-0"]
[WhiteElo "2770"]
[BlackElo "2626"]
[Annotator "TA"]
[PlyCount "71"]
[EventDate "2021.11.08"]
[EventType "team-tourn"]
[EventCountry "SLO"]
[SourceTitle "playchess.com"]
[Source "ChessBase"]
[SourceQuality "1"]
[WhiteTeam "France"]
[BlackTeam "Turkey"]
[WhiteTeamCountry "FRA"]
[BlackTeamCountry "TUR"]

{[%evp 15,71,0,21,0,18,-12,-9,-12,41,39,77,79,58,35,23,31,85,75,77,37,55,62,65,
44,36,44,44,6,34,28,23,10,87,0,251,256,263,262,231,245,261,283,318,319,281,291,
473,463,470,447,458,455,454,449,560,521,573,477]} 1. e4 c5 2. Nf3 d6 3. d4 cxd4
4. Nxd4 Nf6 5. Nc3 a6 6. Be3 e5 7. Nb3 Be6 8. Qd2 Nbd7 9. O-O-O {B90: Sicilian
Najdorf: Unusual White 6th moves, 6 Be3 Ng4 and 6 Be3 e5.} Be7 10. h3 b5 11. g4
{The position is equal.} Rc8 (11... O-O $11) 12. Kb1 $14 Nb6 {[#]} 13. g5 $1 {
[%cal Rg5f6] [#]} Nh5 $146 ({Predecessor:} 13... Nfd7 14. f4 exf4 15. Bxf4 Ne5
16. Nd5 Bxd5 17. exd5 O-O 18. h4 Nec4 19. Qd4 Na4 {1-0 (35) Tukhaev,A (2520)
-Popilski,G (2506) Paleochora 2013}) 14. h4 Nc4 15. Bxc4 Rxc4 (15... bxc4 $14
16. Nc1 Qd7) 16. Nd5 Bxd5 17. Qxd5 Qc7 18. Nd2 Rc6 19. Rc1 O-O 20. c3 g6 21.
Rc2 Rb8 22. Rhc1 a5 23. b4 Rc8 (23... Nf4 $11 {remains equal.} 24. Bxf4 exf4)
24. a4 (24. Qxb5 $16 Rb8 25. Qa4) 24... axb4 $2 {[%mdl 8192] [#]} (24... bxa4
$11 {and Black has nothing to worry.} 25. b5 Qb8) 25. Qxc6 $3 $18 {[%mdl 512]}
Qxc6 26. cxb4 {[%mdl 64] Discovered Attack} Qxc2+ 27. Rxc2 Rb8 28. a5 {[%cal
Ba4a5,Ba5a6,Ba6a7][%mdl 32]} Nf4 29. Rc7 Bd8 30. Rd7 Nd3 $2 (30... Ng2 {
was worth a try.} 31. Kb2 (31. Rxd6 Nxe3 32. fxe3 Be7 $18) 31... Nxh4) 31. a6 {
White is clearly winning.} Nxb4 32. a7 Ra8 33. Rxd6 Bc7 34. Rd7 Na6 35. Rd5 Ba5
36. Nb3 {Weighted Error Value: White=0.12/Black=0.37} 1-0

[Event "23rd ETCC Open 2021"]
[Site "Catez"]
[Date "2021.11.15"]
[Round "4.18"]
[White "Dastan, Muhammed Batuhan"]
[Black "Vachier-Lagrave, Maxime"]
[Result "0-1"]
[WhiteElo "2572"]
[BlackElo "2766"]
[Annotator "TA"]
[PlyCount "74"]
[EventDate "2021.11.08"]
[EventType "team-tourn"]
[EventCountry "SLO"]
[SourceTitle "playchess.com"]
[Source "ChessBase"]
[SourceQuality "1"]
[WhiteTeam "Turkey"]
[BlackTeam "France"]
[WhiteTeamCountry "TUR"]
[BlackTeamCountry "FRA"]

{[%evp 15,74,20,14,12,22,19,22,20,10,11,16,0,0,5,17,0,0,0,0,0,0,0,0,13,13,0,0,
0,0,-17,-25,-18,-15,-17,16,0,0,-108,-100,-87,0,0,0,0,0,-503,-514,-499,-505,
-477,-342,-512,-485,-422,-419,-831,-837,-1746,-1226,-29995,-29996]} 1. d4 Nf6
2. c4 e6 3. Nc3 d5 4. cxd5 exd5 5. Bg5 c6 6. e3 Be7 7. Bd3 Nbd7 8. Nge2 h6 {
8...Nf8 is the modern continuation.} 9. Bh4 {D35: Queen's Gambit Declined:
Exchange Variation.} Nh5 10. Bxe7 Qxe7 11. g4 {The position is equal.} Nhf6 12.
Ng3 Nb6 13. Nf5 {[#]} Qf8 $146 ({Predecessor:} 13... Bxf5 14. gxf5 Nc8 15. Rg1
Nd6 16. Rxg7 O-O-O 17. Qc2 Rhg8 18. Rg3 h5 19. O-O-O h4 {1/2-1/2 (46) Kozak,A 
(2380)-Hrbek,S (2126) Prague 2020}) 14. Qf3 g6 {[#]} 15. Nxh6 Qxh6 16. Qxf6
Bxg4 17. Qe5+ Be6 18. Qc7 Qf8 19. Qxb7 Qd6 20. Qa6 Rxh2 21. Rxh2 Qxh2 22. Na4
Bc8 23. Qa5 Rb8 {[%cal Ba8b8,Bb8b7,Bb7e7][%mdl 32]} 24. b3 Rb7 25. Nc5 Re7 26.
Qd2 {[#]} (26. Bf1 $11) 26... Bg4 $1 $17 {Hoping for ...f5.} 27. Bf1 {[#]} f5 (
27... Nc8 $1 $17 28. Nd3 Nd6) 28. Nd3 $1 $11 Nd7 $36 {[%mdl 2048] White must
now prevent ...f4. Black is pushing.} 29. Rc1 Re6 {With the idea ...f4.} 30.
Nc5 $2 {[%mdl 8192]} (30. Nb4 $11 {and White stays safe.} Nb8 31. Nd3) 30...
Nxc5 $19 31. Rxc5 f4 {Threatens to win with ...fxe3.} 32. Rc3 Qg1 33. f3 (33.
b4 $142) 33... Bxf3 34. Qf2 Qg3 35. Ba6 (35. Be2 $142 Be4 36. Rc1) 35... g5 36.
b4 Rh6 {aiming for ...Rh1+.} 37. exf4 Re6+ {Weighted Error Value: White=0.81/
Black=0.05} 0-1

[Event "23rd ETCC Open 2021"]
[Site "Catez"]
[Date "2021.11.15"]
[Round "4.19"]
[White "Bacrot, Etienne"]
[Black "Can, Emre"]
[Result "0-1"]
[WhiteElo "2647"]
[BlackElo "2570"]
[Annotator "TA"]
[PlyCount "110"]
[EventDate "2021.11.08"]
[EventType "team-tourn"]
[EventCountry "SLO"]
[SourceTitle "playchess.com"]
[Source "ChessBase"]
[SourceQuality "1"]
[WhiteTeam "France"]
[BlackTeam "Turkey"]
[WhiteTeamCountry "FRA"]
[BlackTeamCountry "TUR"]

{[%evp 16,110,49,32,33,12,24,9,25,29,47,18,18,22,28,20,37,41,87,67,77,67,93,93,
121,97,120,75,107,93,106,108,91,54,46,11,20,-24,-15,-5,-14,-21,0,0,0,0,0,0,0,0,
0,0,0,0,15,-304,-299,-275,-279,-608,-602,-592,-589,-537,-233,-231,-237,-230,
-234,-232,-233,-240,-141,-157,-96,-189,-183,-179,-170,-190,-119,-1225,-1085,
-29972,-12369,-6015,-5895,-29951,-29945,-6206,-12797,-6207,-6079,-5065,-5057,
-1719,-1688]} 1. e4 d6 2. d4 Nf6 3. Nc3 e5 4. Nf3 Nbd7 5. Bc4 Be7 6. O-O O-O 7.
Re1 c6 8. a4 h6 {8...a5 is the modern continuation.} 9. a5 Rb8 {C41: Philidor
Defence.} 10. Bb3 Re8 11. h3 exd4 {[#] The position is equal.} 12. Nxd4 $146 ({
Predecessor:} 12. Qxd4 Nc5 13. Bf4 Be6 14. Bxe6 Nxe6 15. Qd2 Nxf4 16. Qxf4 Qc7
17. Nd4 Bf8 18. Nf5 {1-0 (58) Gabrielian,A (2456)-Sanal,V (2563) Chess.com INT
2021}) 12... Nc5 13. Bf4 Nxb3 14. Nxb3 Be6 15. Nd4 Bf8 16. a6 Nd7 17. b3 Qc7
18. axb7 Qxb7 19. Qd3 g5 20. Bg3 Nc5 21. Qf3 Rbd8 22. e5 {Black must now
prevent exd6.} d5 23. b4 Na6 24. Reb1 (24. Nxe6 $6 Rxe6 25. Reb1 Nxb4 $11)
24... Nxb4 25. Nd1 Qc8 26. Nxe6 Qxe6 27. c3 Nc2 28. Rxa7 d4 29. Rbb7 {[%cal
Rb7f7]} Re7 30. Rxe7 Bxe7 31. Qd3 Na3 {Strongly threatening ...dxc3.} 32. cxd4
Nb5 {[%mdl 64] Double Attack} 33. Ra4 Bc5 {[%cal Rb5d4]} 34. Kh2 Bxd4 35. Ra6
$2 {[%mdl 8192]} (35. Ne3 $11 {and White stays safe.}) 35... Qc8 $19 36. Ra4 {
[#]} Bxf2 $1 {[%mdl 576] Discovered Attack} 37. Qf1 (37. Qf3 Bxg3+ 38. Kxg3)
37... Bxg3+ 38. Kxg3 Qe6 39. Re4 f5 (39... Qb3+ $142 40. Re3 Qxd1 41. Qxd1 Rxd1
) 40. Re1 Rd5 41. Qe2 Nd4 42. Qb2 Kh7 43. Qb8 Nc2 (43... Qe7 $19 {...g4! is
the strong threat.} 44. Nf2 c5) 44. Re2 $17 Rd3+ ({Black should try} 44... f4+
45. Kh2 Nd4) 45. Kh2 (45. Kf2 $17 Rxd1 46. Rxc2) 45... Nd4 $36 {[%mdl 2048]
Black has strong initiative.} 46. Re1 Rd2 {Threatens to win with ...Nf3+.} 47.
Qb4 {[#]} Nf3+ ({Better is} 47... Qd7 $1 $19 {[%mdl 512]} 48. Rf1 (48. Qxd2 $2
{loses.} Nf3+ {[%mdl 64] Double Attack, Discovered Attack} 49. Kh1 Qxd2 $19)
48... Kg6 $1) 48. Kg3 {[%mdl 8192] [#]} (48. Kh1 $17) 48... h5 $1 $19 49. Qa5 {
[#]} (49. Re2 Rxe2) 49... Rd5 $1 50. Qa7+ (50. Qc3 Nxe1) 50... Rd7 51. Qxd7+
Qxd7 52. Kxf3 Qd2 {( -> ...g4+). Black is clearly winning.} 53. Rf1 g4+ 54. Kg3
Qe2 55. Rxf5 Qxd1 {Weighted Error Value: White=0.69/Black=0.24} 0-1

[Event "23rd ETCC Open 2021"]
[Site "Catez"]
[Date "2021.11.15"]
[Round "4.20"]
[White "Sanal, Vahap"]
[Black "Moussard, Jules"]
[Result "1/2-1/2"]
[WhiteElo "2590"]
[BlackElo "2632"]
[Annotator "TA"]
[PlyCount "58"]
[EventDate "2021.11.08"]
[EventType "team-tourn"]
[EventCountry "SLO"]
[SourceTitle "playchess.com"]
[Source "ChessBase"]
[SourceQuality "1"]
[WhiteTeam "Turkey"]
[BlackTeam "France"]
[WhiteTeamCountry "TUR"]
[BlackTeamCountry "FRA"]

{[%evp 23,58,14,24,4,10,8,12,5,6,12,8,6,0,0,0,0,22,0,0,0,0,0,6,-12,-16,-13,-22,
-30,-31,-25,-28,-24,0,0,0,-31,0]} 1. e4 e5 2. Nf3 Nf6 3. Nxe5 d6 4. Nf3 Nxe4 5.
d4 d5 6. Bd3 Bb4+ 7. c3 Bd6 8. O-O O-O 9. c4 c6 10. Nc3 Nxc3 11. bxc3 dxc4 12.
Bxc4 Bf5 13. Bd3 {C42: Petroff Defence: 3 Nxe5 and unusual White 3rd moves.}
Bxd3 {13...Bxd3 has lost popularity.} 14. Qxd3 Nd7 {[%cal Bb8d7,Bd7f8,Bf8g6]
[%mdl 32]} 15. c4 {The position is equal.} Re8 16. Rb1 b6 {[#]} 17. Bb2 $146 ({
Predecessor:} 17. Bg5 Qc7 18. Rfe1 Nf8 19. g3 Qd7 20. Kg2 Rxe1 21. Rxe1 Re8 22.
Rd1 Qe6 23. Be3 Qe4 24. Qxe4 Rxe4 {1/2-1/2 (47) Karthikeyan,M (2606)-Banusz,T 
(2631) Biel 2021}) 17... Qf6 18. Rfe1 Qg6 19. Qb3 Nf8 20. d5 cxd5 21. cxd5 Rac8
22. g3 Qg4 23. Be5 Bc5 24. Kg2 Ng6 25. h3 Qf5 {[%cal Rg6e5]} 26. Bd4 Red8 27.
Be5 Re8 {[%cal Rg6e5]} 28. Bd4 Red8 29. Be5 Re8 {Not much happened in this
game.  Weighted Error Value: White=0.05/Black=0.03} 1/2-1/2

[Event "23rd ETCC Open 2021"]
[Site "Catez"]
[Date "2021.11.15"]
[Round "4.21"]
[White "Lenic, Luka"]
[Black "Giri, Anish"]
[Result "1/2-1/2"]
[WhiteElo "2633"]
[BlackElo "2774"]
[Annotator "TA"]
[PlyCount "29"]
[EventDate "2021.11.08"]
[EventType "team-tourn"]
[EventCountry "SLO"]
[SourceTitle "playchess.com"]
[Source "ChessBase"]
[SourceQuality "1"]
[WhiteTeam "Slovenia"]
[BlackTeam "Netherlands"]
[WhiteTeamCountry "SLO"]
[BlackTeamCountry "NED"]

{[%evp 16,29,18,5,25,22,27,0,0,0,25,0,0,0,36,0]} 1. d4 d5 2. c4 c6 3. Nf3 Nf6
4. Nc3 dxc4 5. a4 Bf5 6. e3 e6 7. Bxc4 Bb4 8. O-O O-O 9. Qe2 h6 {D19: Slav
Defence: 5 a4 Bf5 6 e3: Main line with 9 Qe2.} 10. e4 Bg6 11. Na2 Be7 12. Nc3 {
[#]} Bb4 $146 ({Predecessor:} 12... Bh5 13. Rd1 Nbd7 14. h3 Re8 15. Bf4 Bb4 16.
Bh2 a5 17. Rac1 Nh7 18. g4 Bg6 19. h4 Nhf6 20. Ne5 Bh7 21. f3 Nxe5 22. Bxe5 {
1-0 (54) Souto,E (2214)-Abdulmanov,E (2237) ICCF email 2017}) 13. Na2 Be7 14.
Nc3 Bb4 15. Na2 {A rather calm draw.  Weighted Error Value: White=0.11/Black=0.
03} 1/2-1/2

[Event "23rd ETCC Open 2021"]
[Site "Catez"]
[Date "2021.11.15"]
[Round "4.22"]
[White "Van Foreest, Jorden"]
[Black "Borisek, Jure"]
[Result "1-0"]
[WhiteElo "2701"]
[BlackElo "2595"]
[Annotator "TA"]
[PlyCount "119"]
[EventDate "2021.11.08"]
[EventType "team-tourn"]
[EventCountry "SLO"]
[SourceTitle "playchess.com"]
[Source "ChessBase"]
[SourceQuality "1"]
[WhiteTeam "Netherlands"]
[BlackTeam "Slovenia"]
[WhiteTeamCountry "NED"]
[BlackTeamCountry "SLO"]

{[%evp 17,119,0,-13,-24,0,0,9,7,8,-8,13,8,12,0,7,8,19,0,0,-8,-10,-8,-13,-13,
-12,-15,0,0,0,0,17,0,17,8,8,11,4,2,7,21,11,0,0,7,0,4,0,0,0,0,5,0,38,36,36,36,
158,52,36,36,139,168,29952,29953,29954,29955,29954,29956,29958,29959,29959,
29960,29959,29961,29961,29962,29961,29962,29960,29964,29963,0,29963,0,0,0,0,0,
0,0,29963,29965,29972,29973,29973,29974,29973,29968,29988,29989,29989,29990,
29990,29991]} 1. e4 e5 2. Nf3 Nc6 3. d4 exd4 4. Nxd4 Nf6 5. Nxc6 bxc6 6. e5 Qe7
7. Qe2 Nd5 8. c4 Ba6 9. Nd2 g6 10. Nf3 {[#] C45: Scotch Game.} Bg7 $1 11. Bg5
Qb4+ 12. Qd2 {The position is equal.} Qxd2+ 13. Kxd2 Nb6 14. b3 O-O 15. Re1 d5
{[%cal Rd5c4]} 16. exd6 cxd6 17. Bd3 {[#]} d5 $146 {[%cal Rd5c4]} ({
Predecessor:} 17... Rfe8 18. Bf4 Red8 19. Bg5 Rd7 20. Re2 c5 21. Re7 Rad8 22.
Rxd7 Rxd7 23. Ke2 d5 {1/2-1/2 (44) Onslow,A (2006)-Hilwerda,J (2135) Paisley
2018}) 18. cxd5 Bxd3 19. Kxd3 Nxd5 20. Bd2 a5 21. a4 $1 Rfd8 22. Kc2 Bf8 23.
Re2 Bb4 24. Rd1 f6 25. Ne1 Re8 26. Rxe8+ Rxe8 27. Kd3 Bxd2 28. Kxd2 $11 {
[%mdl 4096] Endgame KRN-KRN} Nf4 29. Nd3 Re2+ 30. Kc3 Nxd3 (30... Nxg2 $6 31.
b4 $16) 31. Rxd3 Rxf2 {KR-KR} 32. b4 axb4+ ({Much worse is} 32... Rxg2 $6 33.
bxa5 Rg5 34. Rd8+ Kg7 35. Kb4 $16) 33. Kxb4 Rxg2 34. a5 {[%cal Ba4a5,Ba5a6,
Ba6a7][%mdl 32]} Rxh2 35. a6 {aiming for a7.} Ra2 36. Ra3 Rb2+ 37. Kc5 {
a7 is the strong threat.} Rb8 $1 38. a7 ({Much less strong is} 38. Kxc6 Kf7 $16
) 38... Ra8 39. Kxc6 h5 $2 (39... Kf7 $18) 40. Kb7 Rxa7+ 41. Rxa7 {KR-K3P} ({
Not} 41. Kxa7 Kf7 $16) 41... Kf7 42. Kc6+ Ke6 43. Kc5 $1 {[%cal Rc5d4]} Ke5 44.
Kc4 $1 {[%cal Rc4d3]} Ke4 45. Kc3 $1 {[%cal Rc3d2]} g5 46. Kd2 $1 {[%cal Rd2e1]
} Kf3 47. Ke1 $1 Kg2 48. Ra2+ Kg1 49. Ke2 $2 (49. Ra4 $1 Kg2 50. Ke2 Kg3 51.
Kf1 g4 52. Ra5 h4 53. Rh5 Kh3 54. Kf2 g3+ 55. Kf3) 49... Kg2 $2 {[%mdl 8192]} (
49... g4 $11) 50. Ke3+ $2 (50. Ra4 $1 {mates} Kg3 51. Kf1 f5 52. Ra3+ Kg4 53.
Kg2 Kf4 54. Ra4+ Ke3 55. Rb4) 50... Kg3 51. Ra1 {Strongly threatening Rh1.} Kg2
52. Ra2+ Kg3 53. Ke2 $2 {[%mdl 8192]} (53. Ra4 $11 h4 54. Ke4) 53... Kg2 $1 {
[#]} 54. Ra4 $1 {[%cal Ra4c4] White mates.} f5 55. Ra5 h4 56. Rxf5 g4 57. Rf2+
Kg1 {[#]} 58. Rf4 $1 g3 59. Rxh4 g2 60. Rg4 {Weighted Error Value: White=0.02/
Black=0.18} 1-0